50 Victorian figures - Statistics

General Stats
  • This quiz has been taken 478 times
  • The average score is 19 of 50
Answer Stats
Hint Answer % Correct
Writer of Oliver Twist Charles Dickens
95%
Prince Consort Albert
91%
Baker Street resident Sherlock Holmes
84%
Queen Victoria
84%
Wrote Wuthering Heights Emily Bronte
76%
Noted traveller to the Galapagos Charles Darwin
72%
Whitechapel killer Jack the Ripper
70%
Missionary and explorer who sought the source of the Nile David Livingstone
69%
Conservative prime minister and novelist Benjamin Disraeli
67%
Sent Alice down the rabbit hole Lewis Carroll
64%
Flamboyant poet and playwright Oscar Wilde
64%
Irish writer of Transylvanian terror Bram Stoker
63%
Crimean war 'angel' Florence Nightingale
62%
His tunes accompanied Gilbert's words Arthur Sullivan
60%
Peter Rabbit writer Beatrix Potter
52%
Inventor of Long John Silver Robert Louis Stevenson
50%
Violent explorer who sought Livingstone Henry Stanley
44%
Poet's daughter and mother of computer science Ada Lovelace
43%
Wrote Middlemarch George Eliot
40%
Romantic seascape painter Joseph Turner
40%
Conservative PM who founded modern policing Robert Peel
40%
Engineering giant who tunnelled the Thames Isambard Kingdom Brunel
33%
The Liberal 'Grand Old Man' William Gladstone
33%
Enigma Variations composer Edward Elgar
32%
Antiseptic pioneer Joseph Lister
32%
Leading writer of the Raj Rudyard Kipling
32%
Mining magnate who expanded British rule in Africa Cecil Rhodes
30%
Poet laureate Alfred Tennyson
29%
British-Jamaican who revolutionised nursing Mary Seacole
28%
Novelist memorialised in Edinburgh Walter Scott
27%
Electrical science pioneer Michael Faraday
25%
England's bearded foremost cricketer William Grace
24%
Evangelical general killed at Khartoum Charles Gordon
22%
Doyenne of household management Isabella Beeton
22%
Leading Arts and Crafts movement designer William Morris
20%
Utilitarian philosopher John Stuart Mill
19%
Poet whose brother was a Pre-Raphaelite founder Christina Rossetti
17%
Actress and mistress of the Prince of Wales Lillie Langtry
15%
Dominated midcentury foreign policy Palmerston
15%
Conquered Sudan and modernised army Herbert Kitchener
13%
Orphanage founder Thomas Barnardo
12%
Led the Light Brigade at Balaclava Cardigan
11%
Art critic who influenced British public taste John Ruskin
11%
Explorer who translated the Kama Sutra Richard Burton
9%
Irish home rule champion downed by scandal Charles Parnell
8%
Wrote adventures set in Africa Rider Haggard
8%
Solved the 'Great Stink' with a massive sewerage works Joseph Bazelgette
6%
Developed the 'sensation novel' Wilkie Collins
5%
Colonial ruler of India during the 1857 rising Charles Canning
2%
Lost an army in Afghanistan William Elphinstone
2%
No matching quizzes found
Score Distribution
Percent of People with Each Score
Percentile by Number Answered
Your Score History
You have not taken this quiz